Responses for Show #1423 - Wednesday, November 7, 1990

1990 Tournament of Champions quarterfinal game 3.

Contestants

[<< previous game]

George Soule, a teacher from Northfield, Minnesota

Elaine Zollner, a physician from Los Angeles, California

Eric Terzuolo, a foreign service officer from Washington, D.C.

[next game >>]

Jeopardy! Round responses

ANIMALS IN LITERATURE
FOLK SONGS
ART
WEAPONS
FRUITS & VEGETABLES
HOMOPHONES
    $100 15
Tarzan

Elaine
    $100 18
"Frankie & Johnny"

Eric
    $100 1
ivory

Eric
    $100 19
a blowgun

Eric
    $100 6
lettuce

Eric
    $100 16
base/bass

George
    $200 11
Flopsy

Eric
    $200 27
Woody Guthrie

Eric
    $200 2
Toulouse-Lautrec

Eric
    $200 20
musket

George
    $200 7
melon

Elaine
    $200 24
arc/ark

George
    $300 12
a fox

Eric
    $300 28
(Elaine: What is Harrigan?)

John Jacob Jingleheimer Schmidt

Elaine
Triple Stumper
    $500 3
a lion

Eric
    $300 21
a cannon

George
    $300 8
parsnip

George
    $300 17
pare/pair/pear

Triple Stumper
    $400 13
the Devil (Mephistopheles)

Eric
    $400 29
Tracy Chapman

Elaine
    $400 4
Picasso

Eric
    $400 22
the Gunpowder Plot

Eric
    $400 9
a gherkin

Triple Stumper
    $400 25
soar/sore

George
    $500 14
Isak Dinesen

Eric
    $500 30
(Eric: What is the [*]?)

"Midnight Special"

Eric
    $500 5
(Georges) Seurat

Elaine
    $500 23
a catapult

Elaine
    $500 10
tomato

George
    $500 26
stile/style

Triple Stumper

Scores at the first commercial break (after clue 14):

Eric Elaine George
$2,700 $700 $800

Scores at the end of the Jeopardy! Round:

Eric Elaine George
$4,000 $1,400 $2,000

Double Jeopardy! Round responses

FAMOUS NAMES
U.S. CITIES
BRITISH ROYALTY
ASTRONOMY
DANCE
THOSE PHABULOUS PHOENICIANS
    $200 14
Hoyle

George
    $200 1
Aspen

Eric
    $200 10
Victoria

Eric
    $200 21
Mars

Eric
    $200 11
the hula

Eric
    $200 28
Beirut

Eric
    $400 18
Pinkerton

George
    $400 2
Pierre

Eric
    $400 9
Henry VIII

Eric
    $400 30
Neptune

George
    $400 12
(George: What is Ballet Theatre?)

the New York City Ballet

George
Triple Stumper
    $400 27
papyrus

George
    $600 17
Max Factor

Elaine
    $600 3
San Diego

Eric
    $600 7
Balmoral

Eric
    $600 22
solar wind

Triple Stumper
    $600 13
(Alex: They were The Castles, and their dance was [*].)

the Castle Walk

Triple Stumper
    $1,000 25
Tyre

Eric
    $800 19
(George: Who is Alexander Graham Bell?)

Thomas Gallaudet

George
Triple Stumper
    $800 4
Erie

George
    $800 5
(Elaine: Who is Beatrice?)

Princess Eugenie

Elaine
Triple Stumper
    $800 23
Io

Triple Stumper
    $800 15
the hornpipe

Eric
    $800 26
navigation

George
    $1000 20
(Juliette) Low

Elaine
    $1000 8
Indiana

George
    $1,000 6
Charles II

George
    $1000 24
Galileo

Triple Stumper
    $1000 16
(George: Who is George Balanchine?)

Robert Joffrey

George
Triple Stumper
    $1000 29
Stoicism

Elaine

Scores at the end of the Double Jeopardy! Round:

Eric Elaine George
$8,800 $3,200 $4,800

Final Jeopardy! Round responses

SHAKESPEARE
(Alex: This is one of those Final Jeopardy! clues that either you get immediately, or you drive yourself crazy trying to come up with the correct response. And poor Elaine I don't think wrote anything down, but let's take a look.)
...
(Alex: I assume you were going for All's Well That Ends Well, but that didn't work out.)
(George: I gave up.)
(Alex: Yeah, you gave up, and with good reason.)
...
(Alex: And now it makes so much sense, doesn't it, players? Let's take a look at your wager. $801, Eric, and that means you wind up with $9,601, but you're the only player with money, so you're the semifinalist who'll return next week. And thanks to our other players for a good game. We'll say goodbye. The fourth of our quarterfinal games tomorrow right here on Jeopardy! See you then.)
ElaineWhat is
$3,200
GeorgeWhat is All's Well That End
$4,800
EricWhat is Measure for Measure?
$801
Measure for Measure

Final scores:

Eric Elaine George
$9,601 $0 $0
Automatic semifinalist 3rd place: $1,000 if eliminated 2nd place: $1,000 if eliminated

Game dynamics:

Coryat scores:

Eric Elaine George
$8,200 $3,200 $4,800
25 R
(including 2 DDs),
0 W
8 R,
2 W
15 R
(including 1 DD),
3 W

Combined Coryat: $16,200

[game clues] [game scores] [suggest correction]

Game tape date: 1990-10-22
The J! Archive is created by fans, for fans. Scraping, republication, monetization, and malicious use prohibited; this site may use cookies and collect identifying information. See terms. The Jeopardy! game show and all elements thereof, including but not limited to copyright and trademark thereto, are the property of Jeopardy Productions, Inc. and are protected under law. This website is not affiliated with, sponsored by, or operated by Jeopardy Productions, Inc. Join the discussion at JBoard.tv.